Responses for Show #3823 - Wednesday, March 28, 2001

Bob Fleenor game 1.

Contestants

[<< previous game]

Sally Mouzon, an opera singer from Belmont, California

Bob Fleenor, a newspaper copy editor from Martinsburg, West Virginia

Philip Hain, a marketing manager from Glendale, California (whose 1-day cash winnings total $1,999)

[next game >>]

Jeopardy! Round responses

THE BODY HUMAN
MACON WHOOPEE
WHERE WERE YOU IN WORLD WAR II?
DESPERATE MEASURES
MUSIC OF THE '90s
"C" ME
    $100 24
206

Bob
    $100 16
Civil War

Bob
    $100 11
Charles de Gaulle

Bob
    $100 21
(S: What is a drum?)

Barrel

PhilipSally
    $100 6
One more time

Bob
    $100 1
Curse

Bob
    $200 25
Kidneys

Sally
    $200 17
Little Richard

Sally
    $200 12
Mohandas K. Gandhi

Triple Stumper
    $200 22
Acre

Triple Stumper
    $200 7
"When A Man Loves A Woman"

Sally
    $200 2
Chimney

Bob
    $300 26
Esophagus

Sally
    $500 18
Cherry trees

Sally
    $300 13
Hermann Goering

Bob
    $300 23
Bale

Sally
    $300 8
Hook

Bob
    $300 3
Celibacy

Philip
    $400 27
Adenoids

Bob
    $400 19
Harriet Tubman

Bob
    $400 14
George S. Patton

Philip
    $400 29
Ounces

Sally
    $400 9
"Blue"

Bob
    $400 4
Cambodia

Sally
    $500 28
Carotid arteries

Bob
    $500 20
Whistle Stop Cafe

Philip
    $500 15
Hideki Tojo

Bob
    $500 30
(Alex: And I hope that he was not going to try and fill that up and drink it!)

Yard (a yard of ale)

Triple Stumper
    $500 10
Rick Nelson

Bob
    $500 5
(S: What is a cog?)

Clutch

PhilipSally

Scores at the first commercial break (after clue 15):

Philip Bob Sally
$1,200 $2,500 $100

Scores at the end of the Jeopardy! Round:

Philip Bob Sally
$1,800 $4,000 $1,900

Double Jeopardy! Round responses

THE CINEMA
THAT'S MY NICKNAME, DON'T WEAR IT OUT
CLICHES
THE END
OF THE WORLD
AS WE KNOW IT
    $200 1
(1 of) Herman Brix, Buster Crabbe, Glenn Morris or Johnny Weissmuller

Sally
    $200 2
Jay Hanna "Dizzy" Dean

Sally
    $200 11
(B: What is "the extra 10%?")

110%

BobSally
    $200 16
Hamlet

Bob
    $200 26
(P: What is Boston?)

Washington, D.C.

PhilipBob
    $200 21
Collect call

Sally
    $400 6
Abbott & Costello

Bob
    $400 3
Ulysses S. Grant

Bob
    $400 12
Apple

Bob
    $400 17
(S: No response.)

Mr. Baskerville

Sally
Triple Stumper
    $400 27
Indian Ocean

Sally
    $400 22
Booing

Bob
    $600 7
Fear and Loathing in Las Vegas

Triple Stumper
    $600 4
Joseph McCarthy

Bob
    $600 13
Bill of goods

Sally
    $600 18
Great Expectations

Bob
    $600 28
Volga River

Philip
    $600 23
(B: What is a stuffy nose?)
(Note: This is the way the clue appeared on the board, with Alex phrasing it as is.)

Common cold

Bob
Triple Stumper
    $800 8
(B: What is "Gay Purr-ee?")

The Aristocats

PhilipBob
    $800 5
Irving Thalberg

Philip
    $800 14
Which side your bread is buttered on

Triple Stumper
    $800 19
All Quiet on the Western Front

Bob
    $800 29
Mexico

Sally
    $800 24
(Alex: Doesn't it help a great deal when you're able to figure it out?!)

Tragedy

Bob
    $1000 9
Encino Man

Triple Stumper
    $1000 10
Anne of Cleves

Sally
    $1000 15
You Can't Go Home Again

Philip
    $1000 20
(Bob: What is 20,000 Leagues Under the Sea?)
...
(Alex: We were going for the character, not the title of the story.)

Captain Nemo

PhilipBob
    $1,100 30
Algeria or Tunisia

Sally
    $1000 25
Racine

Triple Stumper

Scores at the end of the Double Jeopardy! Round:

Philip Bob Sally
$5,800 $6,200 $6,200

[wagering suggestions for these scores]

Final Jeopardy! Round responses

AMERICAN AUTHORS
(Alex: "The Wonderful World Of Oz"; "The Wonderful Wizard Of Oz" was the book.)
PhilipWho is Webster?
$1,000
Bob[Who] Who was Baum?
$6,200
SallyWho is Scary?
$6,200
L. Frank Baum

Final scores:

Philip Bob Sally
$4,800 $12,400 $0
2nd place: Trip to Harvey's Resort Hotel/Casino, Lake Tahoe New champion: $12,400 3rd place: Outdoor Products Travel Gear

Game dynamics:

Coryat scores:

Philip Bob Sally
$5,800 $6,200 $5,900
10 R,
1 W
24 R
(including 1 DD),
4 W
17 R
(including 2 DDs),
3 W

Combined Coryat: $17,900

[game clues] [game scores] [suggest correction]

Game tape date: 2000-12-12
The J! Archive is created by fans, for fans. Scraping, republication, monetization, and malicious use prohibited; this site may use cookies and collect identifying information. See terms. The Jeopardy! game show and all elements thereof, including but not limited to copyright and trademark thereto, are the property of Jeopardy Productions, Inc. and are protected under law. This website is not affiliated with, sponsored by, or operated by Jeopardy Productions, Inc. Join the discussion at JBoard.tv.